Loading...
| Fine Arts - Classical Music | 2 | 10.00 | 0% | 750% | 0% |
| Fine Arts - Other | 1 | 10.00 | 0% | 0% | 900% |
| Fine Arts - Painting & Sculpture | 2 | 20.00 | 8,100% | 450% | 450% |
| History - American | 3 | 10.00 | 1,200% | 0% | 500% |
| History - European | 2 | 20.00 | 4,050% | 800% | 350% |
| History - Other | 3 | 3.33 | 0% | 0% | 300% |
| History - World | 1 | 10.00 | 0% | 600% | 0% |
| Literature - American | 2 | 20.00 | 4,250% | 350% | 350% |
| Literature - British | 3 | 13.33 | 2,700% | 500% | 300% |
| Literature - European | 2 | 20.00 | 1,800% | 450% | 750% |
| Literature - World | 3 | 16.67 | 4,333% | 200% | 500% |
| Mythology | 2 | 5.00 | 0% | 350% | 0% |
| Other | 3 | 3.33 | 0% | 0% | 200% |
| Philosophy | 1 | 10.00 | 0% | 0% | 900% |
| Science - Biology | 1 | 20.00 | 3,600% | 600% | 0% |
| Science - Other | 2 | 5.00 | 1,800% | 0% | 0% |
| Science - Physics | 3 | 10.00 | 2,833% | 0% | 300% |
| Social Science | 2 | 20.00 | 4,250% | 0% | 650% |